[Event "24th 4NCL Congress"]
[Site "Harrogate"]
[Date "2020.01.17"]
[Round "1.1"]
[White "Gormally, Daniel W"]
[Black "Stokes, Mike R"]
[Result "1-0"]
[WhiteElo "2508"]
[BlackElo "2088"]
[PlyCount "53"]
[EventDate "2020.01.17"]

1. d4 Nf6 2. Nf3 g6 3. c4 Bg7 4. Nc3 O-O 5. g3 d6 6. Bg2 Nc6 7. O-O e5 8. d5
Ne7 9. e4 a5 10. Ne1 Nd7 11. Nd3 b6 12. f4 exf4 13. gxf4 Ba6 14. Nb5 Bxb5 15.
cxb5 f6 16. Qe2 Re8 17. Qc2 Rc8 18. Kh1 f5 19. e5 dxe5 20. fxe5 Nxe5 21. Nxe5
Bxe5 22. Bg5 Qd6 23. Rae1 Bg7 24. Re6 Qd7 25. Rfe1 Bf8 26. Qc4 f4 27. d6 1-0

[Event "24th 4NCL Congress"]
[Site "Harrogate"]
[Date "2020.01.17"]
[Round "1.2"]
[White "Shaw, Peter"]
[Black "Wells, Peter K"]
[Result "0-1"]
[WhiteElo "2052"]
[BlackElo "2390"]
[PlyCount "154"]
[EventDate "2020.01.17"]

1. d4 Nf6 2. c4 e6 3. Nf3 d5 4. Nc3 c6 5. e3 Nbd7 6. Qc2 Bd6 7. b3 O-O 8. Be2
b6 9. O-O Bb7 10. Bb2 Re8 11. Rac1 Rc8 12. Qb1 Qe7 13. Rfd1 Bb8 14. Bf1 e5 15.
cxd5 e4 16. Ne5 Nxe5 17. dxe5 Bxe5 18. g3 cxd5 19. Bh3 Rc6 20. Nb5 Bxb2 21.
Qxb2 Rc5 22. Nxa7 Ra8 23. Rxc5 bxc5 24. Nb5 d4 25. exd4 e3 26. fxe3 Qxe3+ 27.
Qf2 Qxf2+ 28. Kxf2 Rxa2+ 29. Kg1 cxd4 30. Rxd4 g6 31. Nc3 Rc2 32. Nd1 Kg7 33.
Nf2 Bf3 34. Nd3 Rd2 35. Bf1 Ne4 36. Rd7 Nf6 37. Rd4 g5 38. b4 Ng4 39. Rd7 Nxh2
40. Ne5 Rxd7 41. Nxd7 Nxf1 42. Kxf1 Bc6 43. Nc5 h5 44. Nb3 Kf6 45. Nd4 Bb7 46.
b5 Ke5 47. Nb3 Kd6 48. Na5 Kc7 49. Nc4 Bd5 50. Ne3 Be6 51. Kf2 Kb6 52. Kf3 Kxb5
53. Ke4 f6 54. Nc2 Kc5 55. Nd4 Kd6 56. Nb5+ Ke7 57. Nc3 Kf7 58. Ne2 Kg6 59. Nd4
Bc8 60. Ne2 Bb7+ 61. Ke3 Kf5 62. Nd4+ Kg4 63. Kf2 f5 64. Nc2 Be4 65. Ne3+ Kh3
66. Nf1 h4 67. gxh4 Kxh4 68. Ng3 Kg4 69. Ne2 f4 70. Nc3 Kf5 71. Ne2 g4 72. Nc3
g3+ 73. Kg1 f3 74. Nd1 Kf4 75. Kf1 Bc2 76. Nb2 Ke4 77. Ke1 Kd4 0-1

[Event "24th 4NCL Congress"]
[Site "Harrogate"]
[Date "2020.01.17"]
[Round "1.3"]
[White "Willow, Jonah B"]
[Black "Burnett, Jim"]
[Result "1-0"]
[WhiteElo "2355"]
[BlackElo "2030"]
[PlyCount "47"]
[EventDate "2020.01.17"]

1. e4 e6 2. d4 d5 3. Nd2 c5 4. Ngf3 cxd4 5. exd5 Qxd5 6. Bc4 Qd6 7. O-O Nf6 8.
Nb3 Nc6 9. Nbxd4 Nxd4 10. Nxd4 a6 11. Re1 Qc7 12. Qe2 Bd6 13. Bg5 O-O 14. h3
Kh8 15. Rad1 Bd7 16. Bd3 Rg8 17. c3 Bf4 18. Nf3 Bxg5 19. Nxg5 Bb5 20. Bxb5 axb5
21. Qe5 Rgc8 22. Rd8+ Qxd8 23. Nxf7+ Kg8 24. Nxd8 1-0

[Event "24th 4NCL Congress"]
[Site "Harrogate"]
[Date "2020.01.17"]
[Round "1.4"]
[White "Ackley, Peter Je"]
[Black "Han, Yichen"]
[Result "0-1"]
[WhiteElo "2021"]
[BlackElo "2257"]
[PlyCount "72"]
[EventDate "2020.01.17"]

1. g3 e5 2. Bg2 Nc6 3. d3 f5 4. c3 Nf6 5. d4 e4 6. h4 d5 7. Nh3 Bd6 8. Bg5 h6
9. Bxf6 Qxf6 10. e3 Be6 11. h5 g5 12. hxg6 Qxg6 13. Bf1 h5 14. Nf4 Bxf4 15.
gxf4 h4 16. Nd2 Bf7 17. Bh3 Qf6 18. Qb3 O-O-O 19. O-O-O Ne7 20. Rdg1 Rdg8 21.
Qd1 Bh5 22. Rxg8+ Nxg8 23. Qf1 Nh6 24. f3 Rg8 25. fxe4 dxe4 26. Nxe4 Qe7 27.
Ng5 Qxe3+ 28. Kc2 Be2 29. Qc1 Qd3+ 30. Kb3 Qc4+ 31. Kc2 Qd3+ 32. Kb3 c5 33.
dxc5 Qc4+ 34. Ka3 Qa6+ 35. Kb3 Bc4+ 36. Kc2 Rd8 0-1

[Event "24th 4NCL Congress"]
[Site "Harrogate"]
[Date "2020.01.17"]
[Round "1.5"]
[White "Jones, Steven A"]
[Black "Kilshaw, Joe"]
[Result "1-0"]
[WhiteElo "2227"]
[BlackElo "2017"]
[PlyCount "77"]
[EventDate "2020.01.17"]

1. e4 d5 2. exd5 Qxd5 3. Nc3 Qd6 4. d4 Nf6 5. Nf3 c6 6. Ne5 Nbd7 7. Nc4 Qc7 8.
g3 Nb6 9. Ne5 g6 10. Bg2 Bg7 11. Bf4 Qd8 12. Qd2 Be6 13. O-O O-O 14. Rfd1 Nbd5
15. Nxd5 Nxd5 16. Bh6 Nb6 17. Bxg7 Kxg7 18. b3 Bd5 19. Bh3 f6 20. Nd3 Bf3 21.
Nc5 Qd5 22. Ne6+ Kg8 23. Qh6 Rf7 24. Nc7 Qd6 25. Nxa8 Nxa8 26. Re1 Nc7 27. Qe3
Qd5 28. c4 Qh5 29. Bg2 Bg4 30. a4 g5 31. d5 f5 32. f3 Bh3 33. Bxh3 Qxh3 34.
Qxg5+ Rg7 35. Qf4 Ne8 36. Re5 Nd6 37. dxc6 bxc6 38. Rae1 Kf8 39. c5 1-0

[Event "24th 4NCL Congress"]
[Site "Harrogate"]
[Date "2020.01.17"]
[Round "1.6"]
[White "Ther, Mate"]
[Black "Quader, Z Zia Mohammed"]
[Result "1-0"]
[WhiteElo "1983"]
[BlackElo "2145"]
[PlyCount "65"]
[EventDate "2020.01.17"]

1. e4 e5 2. Nf3 Nc6 3. Nc3 Nf6 4. Bb5 d6 5. d4 exd4 6. Nxd4 Bd7 7. Nxc6 bxc6 8.
Bd3 Be7 9. O-O O-O 10. f4 d5 11. e5 Bc5+ 12. Kh1 Ng4 13. Qe2 Re8 14. Na4 Bf8
15. c4 f6 16. Qc2 fxe5 17. Bxh7+ Kh8 18. Bg6 Qh4 19. g3 Qf6 20. f5 d4 21. Qe2
Nh6 22. c5 Re7 23. h4 e4 24. Bg5 Qe5 25. Rf4 Be8 26. Bxe7 Bxg6 27. fxg6 Bxe7
28. Qxe4 Qxe4+ 29. Rxe4 Nf5 30. Kh2 Bf6 31. Rae1 Ne3 32. b3 Rd8 33. Nb2 1-0

[Event "24th 4NCL Congress"]
[Site "Harrogate"]
[Date "2020.01.17"]
[Round "1.7"]
[White "Arnott, Jonathan W"]
[Black "Cast, Julian"]
[Result "1/2-1/2"]
[WhiteElo "2127"]
[BlackElo "1885"]
[PlyCount "122"]
[EventDate "2020.01.17"]

1. d4 e6 2. e4 d5 3. Nd2 dxe4 4. Nxe4 Nd7 5. Nf3 Ngf6 6. Nxf6+ Nxf6 7. Bd3 c5
8. O-O cxd4 9. Nxd4 Bc5 10. Nb3 Bd6 11. Bb5+ Bd7 12. Qxd6 Bxb5 13. Qxd8+ Rxd8
14. Re1 b6 15. a4 Bc4 16. Nd2 Bd5 17. c4 Bb7 18. a5 O-O 19. Nf1 bxa5 20. Rxa5
a6 21. Bg5 Rc8 22. Bxf6 gxf6 23. Rc1 Rfd8 24. c5 Rd5 25. Ne3 Rd2 26. Nc4 Rd4
27. f3 e5 28. Rc3 Rd1+ 29. Kf2 Rb1 30. Rc2 Rc6 31. Nd6 Ba8 32. Rd2 h6 33. Kg3
Kg7 34. Nf5+ Kh7 35. Nd6 Kg6 36. h4 h5 37. Nc4 Rc1 38. Nb6 Bb7 39. Rd7 Bc8 40.
Nxc8 Rxc8 41. Rxa6 R8xc5 42. Rdd6 R5c2 43. Rxf6+ Kg7 44. Rf5 Rxb2 45. Rxh5 Rcc2
46. Rg5+ Kf8 47. Kh3 Re2 48. h5 e4 49. h6 Rb1 50. Kh2 Ree1 51. fxe4 Rxe4 52.
Rh5 Ree1 53. Kg3 Rb8 54. h7 Kg7 55. Ra4 Re6 56. Rah4 Rg6+ 57. Rg4 Rh8 58. Rxg6+
Kxg6 59. Kg4 Rxh7 60. Rxh7 Kxh7 61. Kg5 Kg7 1/2-1/2

[Event "24th 4NCL Congress"]
[Site "Harrogate"]
[Date "2020.01.17"]
[Round "1.8"]
[White "Ross, Stuart"]
[Black "Surtees, Mike J"]
[Result "0-1"]
[WhiteElo "1643"]
[BlackElo "2098"]
[PlyCount "72"]
[EventDate "2020.01.17"]

1. e4 d6 2. d4 Nf6 3. Nc3 c6 4. f4 g6 5. Nf3 Bg7 6. Bd3 O-O 7. O-O b6 8. Be3
Ba6 9. Qe2 Bxd3 10. Qxd3 a5 11. h3 Na6 12. e5 Nb4 13. Qd2 Nfd5 14. Nxd5 cxd5
15. c3 Nc6 16. exd6 Qxd6 17. Ne5 e6 18. Qd3 Ne7 19. Bd2 Qc7 20. Rae1 Nf5 21.
Ng4 b5 22. Nf2 Rfe8 23. g4 Nd6 24. Nd1 Qc6 25. Ne3 f5 26. Nd1 Ne4 27. Nf2 Red8
28. g5 Rac8 29. Rc1 Qb6 30. Rc2 Rc4 31. Kg2 Rdc8 32. Be3 Qc6 33. Rfc1 b4 34.
Nxe4 dxe4 35. Qd2 Bxd4 36. cxd4 Rxc2 0-1

[Event "24th 4NCL Congress"]
[Site "Harrogate"]
[Date "2020.01.18"]
[Round "2.2"]
[White "Wells, Peter K"]
[Black "Jones, Steven A"]
[Result "1-0"]
[WhiteElo "2390"]
[BlackElo "2227"]
[PlyCount "135"]
[EventDate "2020.01.17"]

1. e4 c5 2. Nf3 Nf6 3. e5 Nd5 4. g3 Nc6 5. Bg2 e6 6. O-O Be7 7. Nc3 O-O 8. Re1
d6 9. exd6 Qxd6 10. d3 Nxc3 11. bxc3 Bf6 12. Nd2 Bxc3 13. Ne4 Qd4 14. Be3 Qb4
15. Bxc5 Qa5 16. Bxf8 Bxa1 17. Qxa1 Kxf8 18. Rb1 Rb8 19. a4 Qd8 20. Nc5 Qd6 21.
Bxc6 Qxc5 22. Be4 f5 23. Bf3 b6 24. c4 Bb7 25. Bxb7 Rxb7 26. a5 Rd7 27. axb6
axb6 28. Rb3 Qa5 29. Ra3 Qc5 30. Rb3 h6 31. Qa3 Ke7 32. Kf1 Qxa3 33. Rxa3 Kd6
34. Ke2 e5 35. Rb3 Kc6 36. Rb5 Re7 37. Ke3 g6 38. h4 Re6 39. f4 exf4+ 40. Kxf4
Re1 41. h5 Rf1+ 42. Ke3 gxh5 43. Ke2 Rg1 44. Kf2 Rd1 45. Ke2 Rg1 46. Rxf5 Rxg3
47. Rxh5 Rg6 48. Ke3 Re6+ 49. Kd4 Rg6 50. Kc3 Rd6 51. d4 Kb7 52. d5 Rg6 53. Kb4
Ka6 54. Re5 Rg1 55. Re6 Rb1+ 56. Ka4 Rc1 57. Kb3 h5 58. Rh6 Rh1 59. c5 Kb5 60.
c6 Rh3+ 61. Kc2 Kb4 62. Kd2 Rc3 63. Rxh5 b5 64. Rh1 Rc4 65. Rc1 Rd4+ 66. Ke3
Rxd5 67. c7 Re5+ 68. Kd4 1-0

[Event "24th 4NCL Congress"]
[Site "Harrogate"]
[Date "2020.01.18"]
[Round "2.3"]
[White "Surtees, Mike J"]
[Black "Willow, Jonah B"]
[Result "0-1"]
[WhiteElo "2098"]
[BlackElo "2355"]
[PlyCount "196"]
[EventDate "2020.01.17"]

1. e4 c5 2. Nh3 Nc6 3. f4 d5 4. exd5 Qxd5 5. Nc3 Qd7 6. Ne4 b6 7. d3 Bb7 8. c3
g6 9. Be2 Bg7 10. O-O Nh6 11. Bd2 Rd8 12. Nhf2 O-O 13. Qc2 Nf5 14. Rfe1 Rfe8
15. a3 Qc7 16. Rad1 h6 17. Qb1 a5 18. a4 Nb8 19. Bf1 Nd7 20. Qc2 Nh4 21. Re3
Nf6 22. Rh3 Nf5 23. Nxf6+ exf6 24. Bc1 Qc6 25. b3 h5 26. Ne4 Nh6 27. Re3 Ng4
28. Ree1 f5 29. Ng5 Qd6 30. h3 Nf6 31. Rxe8+ Rxe8 32. d4 cxd4 33. Bc4 Nd5 34.
cxd4 Bf6 35. Qf2 Kg7 36. Kh1 Nc3 37. Rd3 Ne4 38. Nxe4 fxe4 39. Rd1 Bd5 40. Be3
Rc8 41. Rc1 Qe6 42. Qe2 Rd8 43. Rd1 Be7 44. Bxd5 Qxd5 45. Qc4 Bf6 46. Qxd5 Rxd5
47. Rc1 Rd6 48. Rc4 Bd8 49. g4 hxg4 50. hxg4 f5 51. g5 Kf7 52. Kg2 Ke6 53. Kf2
Kd7 54. Ke2 Rc6 55. Kd2 Be7 56. Ke2 Kd6 57. Kd2 Kd5 58. Rxc6 Kxc6 59. d5+ Kxd5
60. Bxb6 Bb4+ 61. Ke2 Kc6 62. Bd8 Bc3 63. Kd1 Kd5 64. Kc2 Be1 65. Bf6 Bb4 66.
Bd8 Kc6 67. Kd1 Kd7 68. Bb6 Kd6 69. Ke2 Bc3 70. Ke3 Kc6 71. Bd8 Kd5 72. Bb6 Be1
73. Ke2 Bb4 74. Bd8 Bc3 75. Bb6 Kc6 76. Bd8 Kd7 77. Bb6 Kc8 78. Ke3 Kb7 79. Bd8
Ka6 80. Bf6 Bb4 81. Be5 Ba3 82. Kd2 Kb6 83. Bc3 Bc5 84. Ke2 Bd6 85. Ke3 Bc7 86.
b4 axb4 87. Bxb4 Kc6 88. Bc3 Kc5 89. Bd2 Kc4 90. Bc1 Bb6+ 91. Ke2 Kb3 92. Bd2
Kxa4 93. Bc3 Kb3 94. Be5 Kc4 95. Bb2 Kd5 96. Be5 Bd4 97. Bb8 Bc5 98. Bc7 Bd6
0-1

[Event "24th 4NCL Congress"]
[Site "Harrogate"]
[Date "2020.01.18"]
[Round "2.4"]
[White "Cohen, Aron J"]
[Black "Ther, Mate"]
[Result "1-0"]
[WhiteElo "2255"]
[BlackElo "1983"]
[PlyCount "63"]
[EventDate "2020.01.17"]

1. e4 e5 2. Nf3 Nc6 3. d4 exd4 4. Bc4 Bc5 5. Ng5 Nh6 6. Nxf7 Nxf7 7. Bxf7+ Kxf7
8. Qh5+ g6 9. Qxc5 Qe7 10. Qxe7+ Nxe7 11. c3 Re8 12. cxd4 Nc6 13. Be3 Rxe4 14.
Nc3 Rxd4 15. Bxd4 Nxd4 16. O-O-O Ne6 17. h4 h6 18. Rh3 d6 19. Rf3+ Kg7 20. Nb5
Bd7 21. Nd4 Nxd4 22. Rxd4 Re8 23. Kd2 d5 24. Re3 Rxe3 25. Kxe3 Be6 26. Ra4 a6
27. Kd4 Kf6 28. Ra3 h5 29. b4 Bd7 30. Re3 Be6 31. a3 b6 32. Rc3 1-0

[Event "24th 4NCL Congress"]
[Site "Harrogate"]
[Date "2020.01.18"]
[Round "2.5"]
[White "Turner, Max N"]
[Black "Vickery, Jim E"]
[Result "1-0"]
[WhiteElo "2214"]
[BlackElo "1952"]
[PlyCount "49"]
[EventDate "2020.01.17"]

1. d4 Nf6 2. c4 d6 3. Nf3 Nbd7 4. g3 g6 5. Bg2 Bg7 6. O-O O-O 7. Nc3 e5 8. h3
c6 9. e4 Qa5 10. Qc2 exd4 11. Nxd4 Nb6 12. Nce2 Qc5 13. b3 Re8 14. Be3 Qe5 15.
Nc3 Qe7 16. Rad1 Nbd7 17. Rfe1 Nc5 18. f3 a5 19. Qf2 Nfd7 20. Rd2 Nf8 21. f4
Nfe6 22. Red1 Nxd4 23. Bxd4 f6 24. Be3 Bf8 25. Rxd6 1-0

[Event "24th 4NCL Congress"]
[Site "Harrogate"]
[Date "2020.01.18"]
[Round "2.6"]
[White "Cohen, Gerald M"]
[Black "Arnott, Jonathan W"]
[Result "0-1"]
[WhiteElo "1902"]
[BlackElo "2127"]
[PlyCount "90"]
[EventDate "2020.01.17"]

1. d4 d5 2. Bf4 c6 3. e3 Qb6 4. Nd2 Qxb2 5. Rb1 Qxa2 6. Ra1 Qb2 7. Bd3 Na6 8.
Rb1 Qa3 9. Ngf3 Nb4 10. Nb3 Nxd3+ 11. Qxd3 e6 12. O-O Nf6 13. Ra1 Qe7 14. h3
Qd8 15. Rfb1 Bd6 16. Ne5 Qe7 17. Na5 O-O 18. Rb3 Bxe5 19. Bxe5 Nd7 20. Bg3 c5
21. Rb5 c4 22. Qe2 a6 23. Rbb1 Nf6 24. f3 b5 25. Nc6 Qb7 26. Ne5 Bd7 27. Be1
Rfc8 28. Ba5 Be8 29. c3 Nd7 30. Ng4 f6 31. e4 Bg6 32. Re1 Re8 33. Rad1 h5 34.
Nf2 e5 35. dxe5 dxe4 36. Nxe4 Bxe4 37. fxe4 Rxe5 38. Rd4 Rae8 39. Bb4 Nc5 40.
Bxc5 Rxc5 41. Qd2 Rce5 42. Rd7 Qb6+ 43. Kh1 Qc5 44. Re3 Rxe4 45. Rg3 Re1+ 0-1

[Event "24th 4NCL Congress"]
[Site "Harrogate"]
[Date "2020.01.18"]
[Round "2.7"]
[White "Hymer, Barry J"]
[Black "Roberts, Paul E"]
[Result "0-1"]
[WhiteElo "1874"]
[BlackElo "2119"]
[PlyCount "78"]
[EventDate "2020.01.17"]

1. Nf3 c5 2. e4 e6 3. d3 Nc6 4. g3 g6 5. Bg2 Bg7 6. O-O Nge7 7. Re1 e5 8. Be3
d6 9. Qc1 O-O 10. Bh6 Be6 11. c3 Rc8 12. Na3 a6 13. Nc2 f5 14. Bxg7 Kxg7 15.
Ng5 Bd7 16. f4 h6 17. Nf3 exf4 18. gxf4 Ng8 19. e5 dxe5 20. fxe5 Be6 21. Qd2
Qc7 22. Kh1 Rcd8 23. d4 Nce7 24. Rg1 Kh7 25. Rae1 Bxa2 26. Ne3 Be6 27. c4 f4
28. Nd5 Nxd5 29. cxd5 Bxd5 30. Qc2 Ne7 31. e6 Rf6 32. Ne5 f3 33. Bxf3 Rxf3 34.
Rg2 Rf5 35. Nxg6 Nxg6 36. e7 Rf1+ 37. Rxf1 Bxg2+ 38. Kxg2 Qxe7 39. d5 Qg5+ 0-1

[Event "24th 4NCL Congress"]
[Site "Harrogate"]
[Date "2020.01.18"]
[Round "2.8"]
[White "Starley, Robert"]
[Black "Wynarczyk, Raymond"]
[Result "1-0"]
[WhiteElo "2072"]
[BlackElo "1809"]
[PlyCount "41"]
[EventDate "2020.01.17"]

1. e4 e5 2. Nf3 d6 3. d4 exd4 4. Nxd4 Nf6 5. Nc3 Be7 6. Be2 O-O 7. Bf4 a6 8.
Qd2 b5 9. f3 Bb7 10. a3 Nbd7 11. O-O-O Ne5 12. g4 Rc8 13. h4 c5 14. Nf5 b4 15.
Nb1 c4 16. Qxb4 Nd3+ 17. Bxd3 cxd3 18. Rxd3 Qc7 19. Rc3 Qd7 20. Nxe7+ Qxe7 21.
Bxd6 1-0

[Event "24th 4NCL Congress"]
[Site "Harrogate"]
[Date "2020.01.18"]
[Round "2.9"]
[White "Holliday, John K"]
[Black "Gardiner, Eric D"]
[Result "1/2-1/2"]
[WhiteElo "1805"]
[BlackElo "2006"]
[PlyCount "110"]
[EventDate "2020.01.17"]

1. e4 e6 2. d4 d5 3. Nd2 Be7 4. Ngf3 Nf6 5. e5 Nfd7 6. Bd3 c5 7. c3 Nc6 8. O-O
g5 9. dxc5 g4 10. Nd4 Ndxe5 11. Nxc6 bxc6 12. Nb3 Nxd3 13. Qxd3 Qc7 14. Be3 Bd7
15. Nd4 Bxc5 16. Nxe6 fxe6 17. Bxc5 O-O-O 18. Qa6+ Kb8 19. Be7 Rde8 20. Bh4 Qb6
21. Bg3+ Ka8 22. Qxb6 axb6 23. a4 Kb7 24. b4 h5 25. Be5 Rhf8 26. a5 Ra8 27.
axb6 Kxb6 28. Bd6 Rfe8 29. Bc5+ Kb5 30. Rxa8 Rxa8 31. Bd4 Re8 32. Re1 Rf8 33.
Re5 Rf5 34. Rxf5 exf5 35. g3 Kc4 36. Be5 Kd3 37. Bd4 Ke4 38. Be3 Bc8 39. Bd4
Ba6 40. Be3 Be2 41. Bd4 f4 42. Bc5 Kf5 43. Bd4 Bc4 44. Bc5 Kg5 45. Bd4 h4 46.
gxh4+ Kxh4 47. Be5 Kg5 48. Bd4 Kf5 49. Bg7 Ke4 50. Bd4 Be2 51. Bg7 Kf3 52. Bd4
Bd3 53. Bg7 g3 54. hxg3 fxg3 55. fxg3 Kxg3 1/2-1/2

[Event "24th 4NCL Congress"]
[Site "Harrogate"]
[Date "2020.01.18"]
[Round "2.10"]
[White "Szasz, Anna K"]
[Black "Nicholson, Jim Wr"]
[Result "0-1"]
[WhiteElo "1763"]
[BlackElo "1979"]
[PlyCount "85"]
[EventDate "2020.01.17"]

1. e4 c6 2. d4 d5 3. Nc3 dxe4 4. Nxe4 Bf5 5. Ng3 Bg6 6. h4 h6 7. Nf3 Nd7 8. Bd3
Bxd3 9. Qxd3 e6 10. Be3 Qa5+ 11. Bd2 Bb4 12. c3 Be7 13. Ne2 Ngf6 14. c4 Qc7 15.
a3 Rd8 16. Qc2 c5 17. Rd1 a6 18. Bf4 Bd6 19. Bxd6 Qxd6 20. dxc5 Qxc5 21. b4 Qc7
22. c5 O-O 23. O-O Ne5 24. Nxe5 Qxe5 25. g3 Qe4 26. Qxe4 Nxe4 27. Kg2 g6 28. a4
a5 29. b5 Nxc5 30. Nc3 b6 31. f4 h5 32. Kf3 Kg7 33. Ke3 Rfe8 34. Rfe1 e5 35.
Kf3 e4+ 36. Kg2 f5 37. Kf1 Kf7 38. Ke2 Nd3 39. Rf1 Rd6 40. Rd2 Rc8 41. Nd1 Rcd8
42. Ke3 Rc8 43. Nb2 0-1

[Event "24th 4NCL Congress"]
[Site "Harrogate"]
[Date "2020.01.18"]
[Round "2.11"]
[White "Dias, Savin"]
[Black "Sheppard, Derek A"]
[Result "1/2-1/2"]
[WhiteElo "1959"]
[BlackElo "1689"]
[PlyCount "53"]
[EventDate "2020.01.17"]

1. e4 c5 2. Nf3 e6 3. d4 cxd4 4. Nxd4 Nf6 5. Nc3 Bb4 6. e5 Nd5 7. Bd2 Nxc3 8.
bxc3 Be7 9. Qg4 Bf8 10. Bd3 Nc6 11. f4 a6 12. O-O g6 13. Nf3 Bg7 14. Ng5 d5 15.
Rae1 O-O 16. Rf3 h6 17. Nxf7 Rxf7 18. Qxg6 Ne7 19. Qh5 Qf8 20. g4 Bd7 21. g5
Nf5 22. gxh6 Bxh6 23. Kh1 Rh7 24. Rh3 Be8 25. Rg1+ Kh8 26. Qf3 Bc6 27. Qe2
1/2-1/2

[Event "24th 4NCL Congress"]
[Site "Harrogate"]
[Date "2020.01.19"]
[Round "4.10"]
[White "Cast, Julian"]
[Black "Ackley, Peter"]
[Result "1/2-1/2"]
[WhiteElo "1885"]
[BlackElo "2021"]
[PlyCount "100"]
[EventDate "2020.01.17"]

1. e4 g6 2. d4 d6 3. Nc3 Bg7 4. Bg5 a6 5. Qd2 b5 6. f4 Bb7 7. e5 h6 8. Bh4 g5
9. Bg3 c5 10. dxc5 gxf4 11. Bxf4 dxe5 12. Qxd8+ Kxd8 13. O-O-O+ Nd7 14. Be3
Ngf6 15. Nf3 b4 16. Nxe5 bxc3 17. c6 cxb2+ 18. Kb1 Bxc6 19. Nxc6+ Ke8 20. Bd4
Nh5 21. Be2 Bxd4 22. Rxd4 Nhf6 23. Bf3 Rc8 24. Re1 e6 25. Kxb2 Kf8 26. Red1 Rc7
27. Ra4 Kg7 28. Rxa6 Rhc8 29. Nb4 Rb8 30. a3 e5 31. Rc6 Ra7 32. Rcd6 Nb6 33.
Rd8 Nc4+ 34. Kc3 Rxd8 35. Rxd8 Nxa3 36. Bc6 Ra5 37. Kb3 Nb5 38. Bxb5 Rxb5 39.
c4 Rb7 40. c5 e4 41. c6 Re7 42. Kc2 Ne8 43. Nd5 Re6 44. Nb4 Kf6 45. Kd2 Rd6+
46. Rxd6+ Nxd6 47. Ke3 Ke5 48. c7 Nc4+ 49. Ke2 Nb6 50. Ke3 Nc4+ 1/2-1/2

[Event "24th 4NCL Congress"]
[Site "Harrogate"]
[Date "2020.01.18"]
[Round "2.13"]
[White "Stokes, Mike R"]
[Black "Ackley, Peter Je"]
[Result "1-0"]
[WhiteElo "2088"]
[BlackElo "2021"]
[PlyCount "63"]
[EventDate "2020.01.17"]

1. e4 g6 2. d4 d6 3. Nc3 Bg7 4. f4 Nf6 5. Bd3 Nc6 6. Nf3 Bg4 7. Be3 O-O 8. h3
Bxf3 9. Qxf3 e5 10. Ne2 exd4 11. Nxd4 Nxd4 12. Bxd4 Re8 13. O-O-O Qe7 14. Rde1
Nd7 15. Bxg7 Kxg7 16. Bc4 a5 17. Rhf1 c6 18. Qc3+ Qf6 19. e5 dxe5 20. fxe5 Qg5+
21. Kb1 Nxe5 22. h4 Qxh4 23. Rxf7+ Kh6 24. Qd2+ g5 25. Rxe5 Rad8 26. Rf6+ Kg7
27. Rf7+ Kh6 28. Bd3 Rxd3 29. Rxh7+ Kxh7 30. Qxd3+ Kh6 31. Qd6+ Kh5 32. Qd1+
1-0

[Event "24th 4NCL Congress"]
[Site "Harrogate"]
[Date "2020.01.18"]
[Round "2.14"]
[White "Kilshaw, Joe"]
[Black "Shaw, Peter"]
[Result "0-1"]
[WhiteElo "2017"]
[BlackElo "2052"]
[PlyCount "62"]
[EventDate "2020.01.17"]

1. d4 f5 2. Nc3 d5 3. Bg5 Nf6 4. Bxf6 exf6 5. e3 c6 6. Bd3 Bd6 7. Qf3 g6 8.
Nge2 Na6 9. a3 Nc7 10. b4 Ne6 11. h4 Qe7 12. Kf1 O-O 13. Nf4 Bxf4 14. exf4 Nxd4
15. Qg3 Re8 16. h5 g5 17. h6 Qd6 18. Rh4 Ne6 19. Re1 Kf8 20. fxg5 Qxg3 21. fxg3
Nxg5 22. Rxe8+ Kxe8 23. b5 Ne4 24. Ne2 Kf7 25. Rf4 Be6 26. Nd4 c5 27. Ne2 Rg8
28. c4 Nxg3+ 29. Nxg3 Rxg3 30. Bxf5 Bxf5 31. Rxf5 Rg5 0-1

[Event "24th 4NCL Congress"]
[Site "Harrogate"]
[Date "2020.01.18"]
[Round "2.15"]
[White "Burnett, Jim"]
[Black "Ross, Stuart"]
[Result "1-0"]
[WhiteElo "2030"]
[BlackElo "1643"]
[PlyCount "83"]
[EventDate "2020.01.17"]

1. d4 Nf6 2. c4 g6 3. g3 Bg7 4. Bg2 O-O 5. Nc3 d6 6. Nf3 Nc6 7. O-O a6 8. Qd3
Rb8 9. d5 Nb4 10. Qd1 a5 11. Nd4 Bd7 12. a3 Na6 13. h3 c5 14. Ndb5 Nc7 15. e4
Nxb5 16. cxb5 Ne8 17. a4 e5 18. dxe6 fxe6 19. Be3 b6 20. Qb3 Kh8 21. Rad1 Qe7
22. Rd2 Qf7 23. Nb1 Qf6 24. f4 Rf7 25. Rfd1 Re7 26. e5 Qf8 27. exd6 Rf7 28. Nc3
Nf6 29. Bf2 Qe8 30. Re1 Qf8 31. Bf1 Ne8 32. Ne4 Rf5 33. Be3 e5 34. g4 exf4 35.
gxf5 fxe3 36. Qxe3 Qxf5 37. Ng3 Qf7 38. Kh2 Bd4 39. Rxd4 cxd4 40. Qxd4+ Qf6 41.
Rxe8+ Rxe8 42. Qxf6+ 1-0

[Event "24th 4NCL Congress"]
[Site "Harrogate"]
[Date "2020.01.18"]
[Round "3.1"]
[White "Willow, Jonah B"]
[Black "Gormally, Daniel W"]
[Result "1/2-1/2"]
[WhiteElo "2355"]
[BlackElo "2508"]
[PlyCount "40"]
[EventDate "2020.01.17"]

1. e4 c5 2. Nf3 d6 3. Nc3 a6 4. g3 Nc6 5. Bg2 Bg4 6. h3 Bh5 7. O-O e5 8. d3 Nf6
9. Be3 Nd4 10. Nb1 Be7 11. c3 Nxf3+ 12. Bxf3 Bxf3 13. Qxf3 O-O 14. c4 b5 15.
Nc3 Rb8 16. b3 Ne8 17. Qg4 Nf6 18. Qe2 Ne8 19. Qg4 Nf6 20. Qe2 Ne8 1/2-1/2

[Event "24th 4NCL Congress"]
[Site "Harrogate"]
[Date "2020.01.18"]
[Round "3.2"]
[White "Arnott, Jonathan W"]
[Black "Wells, Peter K"]
[Result "0-1"]
[WhiteElo "2127"]
[BlackElo "2390"]
[PlyCount "52"]
[EventDate "2020.01.17"]

1. e4 c5 2. Nf3 Nc6 3. Bb5 e6 4. O-O Nge7 5. Re1 Nd4 6. Bf1 Nec6 7. c3 Nxf3+ 8.
Qxf3 g6 9. d3 Bg7 10. Na3 O-O 11. Qg3 d5 12. exd5 Qxd5 13. Nb5 Qd7 14. Nd6 Ne7
15. Be3 b6 16. Nxc8 Raxc8 17. Qh3 Nf5 18. Be2 b5 19. Rad1 b4 20. cxb4 cxb4 21.
Rd2 Qd5 22. Ra1 Bd4 23. g4 Nxe3 24. fxe3 Qg5 25. Rdd1 Bxe3+ 26. Kh1 Rc2 0-1

[Event "24th 4NCL Congress"]
[Site "Harrogate"]
[Date "2020.01.18"]
[Round "3.3"]
[White "Roberts, Paul E"]
[Black "Cohen, Aron J"]
[Result "0-1"]
[WhiteElo "2119"]
[BlackElo "2255"]
[PlyCount "56"]
[EventDate "2020.01.17"]

1. Nf3 Nf6 2. b4 g6 3. c4 Bg7 4. Bb2 O-O 5. g3 d5 6. cxd5 Qxd5 7. Bg2 a5 8. Nc3
Qh5 9. a3 Bh3 10. O-O Ng4 11. Qc2 Nc6 12. Nd5 Bxg2 13. Nf4 Qb5 14. Kxg2 e5 15.
a4 Nxb4 16. axb5 Nxc2 17. Rac1 Nb4 18. h3 exf4 19. Bxg7 Kxg7 20. hxg4 Nd5 21.
Rc4 Rfe8 22. Rd4 Nb6 23. Rc1 Rac8 24. Rxf4 Rxe2 25. Kf1 Re7 26. d4 Nd5 27. Ne5
Nxf4 28. gxf4 Ra8 0-1

[Event "24th 4NCL Congress"]
[Site "Harrogate"]
[Date "2020.01.18"]
[Round "3.4"]
[White "Nicholson, Jim Wr"]
[Black "Turner, Max N"]
[Result "0-1"]
[WhiteElo "1979"]
[BlackElo "2214"]
[PlyCount "126"]
[EventDate "2020.01.17"]

1. d4 d5 2. Nf3 Nf6 3. e3 c5 4. b3 cxd4 5. exd4 Nc6 6. Bb2 g6 7. a3 Bf5 8. Bd3
Bxd3 9. Qxd3 Bg7 10. Nbd2 O-O 11. O-O Qd7 12. Rfe1 Qf5 13. Ne5 Rac8 14. Qxf5
gxf5 15. c4 e6 16. cxd5 Nxd5 17. Ndc4 Rfd8 18. Rac1 Nf4 19. Rcd1 b5 20. Nxc6
Rxc6 21. Ne3 Rcd6 22. g3 Nd5 23. Rc1 a6 24. Rc5 Ne7 25. Nc2 Nd5 26. Bc1 Bf8 27.
Ne3 Nf6 28. Bb2 Bg7 29. Rec1 Ne4 30. Rc6 h6 31. R1c2 Rxc6 32. Rxc6 Rd6 33. Rxd6
Nxd6 34. Kf1 Nb7 35. b4 Kf8 36. Ke2 Ke7 37. Kd3 Kd6 38. f4 Ke7 39. Bc3 Nd6 40.
Bb2 Ne4 41. Ba1 h5 42. Nf1 h4 43. Bb2 h3 44. Ke2 Kd6 45. Kd3 Nf2+ 46. Ke2 Ng4
47. Kd3 Kd5 48. Ba1 Bf6 49. Bb2 Be7 50. Bc1 Kd6 51. Bd2 Bd8 52. Be3 a5 53. Bd2
axb4 54. axb4 Bf6 55. Be3 Kd5 56. Bg1 Be7 57. Kc3 Bf8 58. Nd2 Nf6 59. Nf3 Ne4+
60. Kb3 Bg7 61. Be3 Nxg3 62. hxg3 Ke4 63. Nh2 Kxe3 0-1

[Event "24th 4NCL Congress"]
[Site "Harrogate"]
[Date "2020.01.18"]
[Round "3.5"]
[White "Han, Yichen"]
[Black "Starley, Robert"]
[Result "1-0"]
[WhiteElo "2257"]
[BlackElo "2072"]
[PlyCount "83"]
[EventDate "2020.01.17"]

1. d4 Nf6 2. Nf3 d5 3. Bf4 c5 4. e3 Nc6 5. Nbd2 Bg4 6. c3 e6 7. Qb3 Qc8 8. Bb5
Nd7 9. h3 Bh5 10. O-O a6 11. Be2 c4 12. Qd1 Be7 13. e4 O-O 14. Re1 b5 15. g4
Bg6 16. exd5 exd5 17. Ne5 Ncxe5 18. Bxe5 Nxe5 19. dxe5 Qc5 20. Nf3 Rad8 21. Qd4
Qc6 22. Qf4 Bc5 23. Nd4 Qb6 24. Rad1 Be4 25. g5 b4 26. Bxc4 bxc3 27. bxc3 Qb2
28. Qd2 Qb8 29. Nc6 Qc8 30. Rxe4 Qxc6 31. Bxd5 Qg6 32. e6 Bxf2+ 33. Qxf2 Rxd5
34. exf7+ Kh8 35. Rxd5 Qxe4 36. Rd8 Qe7 37. Rxf8+ Qxf8 38. c4 h6 39. g6 a5 40.
Qe3 a4 41. Qe8 a3 42. Qxf8# 1-0